000 01458cam a2200349 i 4500
001 24694
003 Mx-PuUPA
005 20260225123632.0
008 140415s2024 ii a fr 000 0 eng d
020 _a9789348107381
_qrústica
040 _cMx-PuUPA
_aMx-PuUPA
_bspa
_dMx-PuUPA
_erda
041 0 _aeng
100 1 _aKaur, Sharanpreet,
_eautor
_917213
245 1 0 _aUltimate UI/UX design for professionals /
_cSharanpreet Kaur
250 _aFirst published /
_bdecember
264 1 _aIndia :
_bOrange Education Pvt,
_c2024
300 _axxvii, 367 páginas :
_bilustraciones, diagramas, tablas ;
_c24 cm
336 _2rdacontent
_atexto
_btxt
337 _2rdamedia
_asin medio
_bn
338 _2rdacarrier
_avolumen
_bnc
490 0 _aUltimate
500 0 _a"Create impactful, user-centric designs with research and collaboration techniques for seamless responsive web interfaces".-- Portada, cubierta.
650 7 _2armarc
_aComputadoras
650 7 _2armarc
_aInterfaces de usuarios (Computadoras)
650 7 _2armarc
_aInternet
_xProgramación
650 7 _2armarc
_aLibros electrónicos
942 _2ddc
_cLI
_h006.76
_iK25
999 _c24694
_d24694